Aj to málo zahraničného kapitálu na Slovensku má výrazne pozitívny význam

Stav zahraničného kapitálu na Slovensku. Príťažlivosť Slovenska pre zahraničných investorov o vstup priamych investícií na Slovensko. Najviac zahraničných investícií v rámci V4 prúdi do Maďarska a Poľska.

Na minha lista:
Detalhes bibliográficos
Autor principal: Švec, P.
Formato: Capítulo de Livro
Idioma:eslovaco
Assuntos:
Tags: Adicionar Tag
Sem tags, seja o primeiro a adicionar uma tag!

MARC

LEADER 00000naa a2200000 4500
001 r020108
005 20221205102854.5
041 0 |a slo 
044 |a SK 
245 1 0 |a Aj to málo zahraničného kapitálu na Slovensku má výrazne pozitívny význam  |c P. Švec 
520 |a Stav zahraničného kapitálu na Slovensku. Príťažlivosť Slovenska pre zahraničných investorov o vstup priamych investícií na Slovensko. Najviac zahraničných investícií v rámci V4 prúdi do Maďarska a Poľska. 
610 2 0 |a investície zo zahraničia 
610 2 0 |a kapitál zahraničný 
610 2 0 |a Slovensko 
610 2 0 |a investori 
610 2 0 |a investície 
610 2 0 |a Maďarsko 
610 2 0 |a Poľsko 
610 2 0 |a Vyšehradská štvorka 
100 1 |a Švec, P.